| 000 | 00407nam a22001457a 4500 | ||
|---|---|---|---|
| 020 | _a0140317444 | ||
| 082 |
_a616.89 _bFRE _cL-29, P-63 |
||
| 100 |
_aFrued, Sigmund _940288 |
||
| 245 |
_aSigmund frued / _bon psychopathology _c Sigmund Frued |
||
| 260 |
_aNew York : _bPenguim Book Ltd, _c1979. |
||
| 300 | _a366 p. : | ||
| 526 |
_a0 _b0 _c0 _d616_890000000000000_FRE |
||
| 650 |
_aMCE _9379 |
||
| 942 |
_2ddc _cBK |
||
| 999 |
_c544612 _d544612 |
||